dates Guerre Froide - Statistiques

Statistiques générales
  • Ce quiz a été pris 32 fois
    8 depuis la dernière actualisation
  • Le résultat moyen est 4 sur 60
Statistiques - réponses
Événements Dates % Correct
bombe A RU et bombe H EU 1952
60%
pacte de Bagdad (et création CENTO) 1955
60%
bombe A EU 1945
40%
gagarine 1961
40%
bombe A URSS 1949
20%
bombe H URSS 1953
20%
bombe A France 1960
20%
crise des fusées de cuba 1962
20%
fin de l’aide militaire et financière soviétique en Afrique,en Asie méridionale, en Amérique latine et au MO 1989
20%
START I (Bush et Gorbatchev) 1991
20%
dissolution pacte de Varsovie + CAEM 1991
20%
plan Marshall juin 1947
20%
discours de Fulton mars 1946
20%
doctrine Truman mars 1947
20%
doctrine Jdanov septembre 1947
20%
construction du mur de Berlin (nuit) 12-13 août 1961
0%
pacte du Quincy 14 février 1945
0%
pacte sino-soviétique 14 février 1950
0%
pacte de Varsovie 14 mai 1955
0%
guerre froide 1947-1953
0%
guerre de Corée 1950-1953
0%
coexistence pacifique 1953-1962
0%
dissolution du Kominform 1956
0%
spoutnik 1957
0%
révolution cubaine 1959
0%
Détente 1962-1975
0%
téléphone rouge 1963
0%
bombe H France 1968
0%
SALT I (négociations sur la limitation des armes stratégiques) 1972
0%
premier choc pétrolier 1973
0%
CSCE ou processus d'Helsinki 1973-1975
0%
début conflit en Angola 1975
0%
guerre Fraîche 1975-1985
0%
début conflit au Mozambique 1977
0%
crise des euromissiles (perching vs SS 20) 1977-1987
0%
second choc pétrolier 1979
0%
révolution Iran 1979
0%
révolution Sandinista au Nicaragua 1979
0%
fin de la guerre Froide (ou nouvelle détente) 1985-1991
0%
traité de Wahington (Traité sur les forces nucléaires à portée intermédiaire dit FNI) 1987
0%
START II (dénucléarisation) 1993
0%
accords d'Helsinki 1 août 1975
0%
naissance RPC 1 octobre 1949
0%
apollo 11 21 juillet 1969
0%
dissolution/ dislocation/éclatement URSS et création CEI 26 décembre 1991
0%
coup de Kaboul 27 avril 1979-27 décembre 1979
0%
réunification Allemagne 31 aout 1990
0%
création OTAN 4 avril 1949
0%
chute du mur de Berlin 9 novembre 1989
0%
conférence de Bandung avril 1955
0%
Coup de Prague février 1948
0%
XX Congrès du PCUS février 1956
0%
retrait URSS d’Afghanistan février 1989
0%
CAEM (Conseil d'assistance économique mutuelle) pour URSS janvier 1949
0%
TNP (mois et année) juillet 1968
0%
blocus de Berlin juin 1948-mai 1949
0%
création RFA mai 1949
0%
Kominform (ATTENTION pas komintern) octobre 1947
0%
création RDA octobre 1949
0%
crise de Suez octobre-novembre 1956
0%
Aucun quiz correspondant
Distribution des résultats
% des personnes avec chaque résultat
Percentile par nombre de réponses
Votre historique - résultats
Vous n’avez pas pris ce quiz depuis la dernière actualisation